000 02023nam a2200421 a 4500
001 ebr10629485
003 CaPaEBR
006 m u
007 cr cn|||||||||
008 120822s2013 nyu sb 001 0 eng d
010 _z 2012034342
020 _z9780801451607 (cloth : alk. paper)
020 _z9780801478291 (pbk. : alk. paper)
020 _z9780801465789 (e-book)
040 _aCaPaEBR
_cCaPaEBR
035 _a(OCoLC)819816682
050 1 4 _aR729.5.H4
_bG67 2013eb
082 0 4 _a363.12/492
_223
100 1 _aGordon, Suzanne,
_d1945-
245 1 0 _aBeyond the checklist
_h[electronic resource] :
_bwhat else health care can learn from aviation teamwork and safety /
_cSuzanne Gordon, Patrick Mendenhall, and Bonnie Blair O'Connor ; foreword by Chelsey "Sully" Sullenberger.
260 _aIthaca :
_bILR Press,
_c2013.
300 _axi, 261 p.
440 0 _aCulture and politics of health care work
504 _aIncludes bibliographical references and index.
505 0 _aHistory of crew resource management -- Communications -- Case study one : Maimonides -- Teambuilding -- Case study two : Osher -- Workload management -- Case study three : interprofessional education and practice at the University of Toronto -- Threat and error management -- Why CRM worked -- The problems in medicine.
533 _aElectronic reproduction.
_bPalo Alto, Calif. :
_cebrary,
_d2011.
_nAvailable via World Wide Web.
_nAccess may be limited to ebrary affiliated libraries.
650 0 _aHealth care teams.
650 0 _aPatients
_xSafety measures.
650 0 _aMedical errors
_xPrevention.
650 0 _aAeronautics
_xSafety measures.
650 0 _aAircraft accidents
_xPrevention.
655 7 _aElectronic books.
_2local
700 1 _aMendenhall, Patrick.
700 1 _aO'Connor, Bonnie Blair.
700 1 _aSullenberger, Chelsey.
710 2 _aebrary, Inc.
856 4 0 _uhttp://site.ebrary.com/lib/rucke/Doc?id=10629485
_zAn electronic book accessible through the World Wide Web; click to view
999 _c72759
_d72759